|
|
|
|
| LEADER |
00000nam0a2200000 4500 |
| 001 |
25849 |
| 005 |
20231030201215.0 |
| 010 |
|
|
|a 5895021492
|
| 010 |
|
|
|a 5-89395-249-9
|
| 035 |
|
|
|a (RuTPU)RU\TPU\book\26087
|
| 035 |
|
|
|a BOOK00026162
|
| 090 |
|
|
|a 25849
|
| 100 |
|
|
|a 20011209d2000 k y0rusy50 ca
|
| 101 |
0 |
|
|a rus
|
| 102 |
|
|
|a RU
|
| 105 |
|
|
|a y z 001zy
|
| 200 |
1 |
|
|a Психология элитарности
|f Н. С. Пряжников
|
| 210 |
|
|
|a Москва
|c Изд-во Московского психолого-социального ин-та
|d 2000
|
| 210 |
|
|
|a Воронеж
|c Модэк
|
| 215 |
|
|
|a 512 с.
|
| 225 |
1 |
|
|a Библиотека студента
|
| 320 |
|
|
|a Библиогр.: с. 453-461.
|
| 610 |
1 |
|
|a психология
|
| 610 |
1 |
|
|a социальная психология
|
| 610 |
1 |
|
|a личность
|
| 610 |
1 |
|
|a элитарность
|
| 610 |
1 |
|
|a элита
|
| 610 |
1 |
|
|a успех
|
| 610 |
1 |
|
|a карьера
|
| 610 |
1 |
|
|a элитарные ориентации
|
| 610 |
1 |
|
|a фашизм
|
| 610 |
1 |
|
|a феномены
|
| 686 |
|
|
|a Ю952
|v LBC/SL-A
|2 rubbk
|
| 700 |
|
1 |
|a Пряжников
|b Н. С.
|
| 801 |
|
0 |
|a RU
|b 63413507
|c 20011209
|g PSBO
|
| 801 |
|
2 |
|a RU
|b 63413507
|c 20120504
|g PSBO
|
| 942 |
|
|
|c BK
|